Statistiques concernant Champions de France des Rallyes 1967 - 2023

Cliquez ici pour prendre le quiz!

Statistiques générales

  • Ce quiz a été pris 55 fois
  • Le résultat moyen est 17 sur 57

Statistiques - réponses

IndiceRéponse% Correct
2001Sébastien Loeb
100%
2023Yoann Bonato
71%
2018Yoann Bonato
71%
2021Yoann Bonato
71%
2020Yoann Bonato
71%
2017Yoann Bonato
71%
2019Yohan Rossel
66%
2022Quentin Giordano
55%
1997Gilles Panizzi
45%
1996Gilles Panizzi
45%
2015Jean-Marie Cuoq
42%
2000Philippe Bugalski
42%
1999Philippe Bugalski
42%
2012Jean-Marie Cuoq
42%
1998Philippe Bugalski
42%
1984Jean Ragnotti
37%
1980Jean Ragnotti
37%
1986Didier Auriol
34%
1987Didier Auriol
34%
1988Didier Auriol
34%
1970Jean-Claude Andruet
29%
1968Jean-Claude Andruet
29%
1976Bernard Darniche
26%
1972Bernard Darniche
26%
1978Bernard Darniche
26%
2010Bryan Bouffier
26%
1977Guy Frequelin
24%
1985Guy Frequelin
24%
1983Guy Frequelin
24%
2014Julien Maurin
21%
2004Stéphane Sarrazin
21%
2013Julien Maurin
21%
1975Jacques Henry
18%
2011Gilles Nantet
18%
1974Jacques Henry
18%
1971Jean-Pierre Nicolas
18%
2016Sylvain Michel
18%
1992Bernard Béguin
16%
1991Bernard Béguin
16%
1981Bruno Saby
16%
1979Bernard Béguin
16%
1993Bernard Béguin
16%
2008Dany Snöbeck
16%
1995Patrick Bernardini
16%
2005Nicolas Bernardi
16%
1994Patrick Bernardini
16%
2006Nicolas Vouilloz
13%
2009Guillaume Canivenq
13%
2002Benoît Rousselot
11%
1990François Chatriot
11%
1982Jean-Luc Thérier
11%
1989François Chatriot
11%
1973Jean-Luc Thérier
11%
1967Bernard Consten
3%
2007Patrick Henri
3%
1969Jean Vinatier
3%
2003Alexandre Benguet
0%

Distribution des résultats

Percentile par nombre de réponses

% des personnes avec chaque résultat

Votre développement - résultats

Vous n’avez pas pris ce quiz